Čs. štátne kúpele Bardejov

Zobrazenie:

Bibliographic Details
Other Authors: Absolon, Ľudovít, 1909-1988 (Photographer), Lorenc, František (fotograf) (Photographer), Vrbovský, František (fotograf) (Photographer)
Format: Photo
Language:Slovak
PhysicalDescription:1 pohľadnica (4 čiastkové pohľady) farebná 11 x 15 cm
Published: Bratislava Pravda 1987
Subjects:

MARC

LEADER 00000ckm a2200000 a 4500
001 vtls001200534
003 SK-MaSNL
005 20260331203009.0
007 kf co
008 180703s1987 xo g 0kuslo
015 |a SNBG1987 
035 |a SNK000143603 
040 |a SNK  |b slo  |c SNK  |e AACR2 
041 0 |a slo 
043 |a e-xo--- 
044 |a xo  |c SK 
072 7 |a 913  |x Regionálna geografia  |2 konspekt 
080 |a 913(437.6)  |2 2011 
080 |a (084.121)  |2 2011 
100 1 |a Absolon, Ľudovít,  |d 1909-1988  |4 pht  |9 38194 
245 1 0 |a Čs. štátne kúpele Bardejov  |h grafika  |c foto Ľudovít Absolón, František Lorenc, František Vrbovský 
246 1 |i Názov na obrazovej časti:  |a Bardejovské Kúpele 
260 |a Bratislava  |b Pravda  |c 1987  |e [Bratislava]  |f TZP-B 
300 |a 1 pohľadnica (4 čiastkové pohľady)  |b farebná  |c 11 x 15 cm 
500 |a Na adresnej časti uvedené: "Čs. štátne kúpele Bardejov uprostred pekných ihličnatých lesov. Pramene liečivej vody sú spomínané už r. 1247, s výstavbou kúpeľov sa započalo r. 1783. Liečia sa tu s úspechom najmä choroby nervové a poruchy zažívacích orgánov" 
520 8 |a Zobrazenie: 
610 2 7 |a Československé štátne kúpele (Bardejov, Slovensko)  |2 SNKKA  |9 296667 
651 7 |a Bardejovské Kúpele (Bardejov, Slovensko)  |2 SNKPHgeo  |9 187552 
655 7 |a miestne pohľadnice  |2 SNKPH  |9 70510 
700 1 |a Lorenc, František  |c (fotograf)  |4 pht  |9 177742 
700 1 |a Vrbovský, František  |c (fotograf)  |4 pht  |9 283300 
958 |a GBN 
958 |a GC 
958 |a OND 
999 |c 997367  |d 999297 
952 |a SNK  |b SNK  |y PREZ  |7 0  |p 17A1280916  |o snkSP 138728  |i snk443/88  |0 0  |1 0  |4 0  |d 2021-08-16  |l 0  |r 2026-02-24 12:08:03  |w 2026-02-24 
952 |a SNK  |b SNK  |y PREZ  |7 0  |p 17A1290675  |o snkSP 138728 D1  |i snk444/88  |0 0  |1 0  |4 0  |d 2021-08-16  |l 0  |r 2026-02-24 12:08:03  |w 2026-02-24